000
00282nam a2200097 4500
999
_c
518007
_d
518007
082
_a
TNC F51x5442 M279
100
_a
Government of Maharashtra
_9
26624
245
_a
Report of the committee democratic decentralisation
260
_a
Bombay
_b
Government central
_c
1961
300
_a
298p